Socializacija zemli v Rossii (Titelsatznr. 36975)
[ MARC ]
| 000 -Satzkennung | |
|---|---|
| Kontrollfeld mit fester Länge | 00622nam a22002531c 4500 |
| 001 - Kontrollnummer | |
| Kontrollfeld | a987673622 |
| 008 - Feld mit fester Länge zur physischen Beschreibung - Allgemeine Angaben | |
| Kontrollfeld mit fester Länge | 141125s2001 gw |||| 000u rus d |
| 020 ## - Internationale Standardbuchnummer | |
| Internationale Standardbuchnummer | 5875501049 |
| Verknüpfung | 5-87550-104-9 |
| 041 ## - Sprachcode | |
| Sprachcode des Textes/der Tonspur oder des separaten Titels | rus |
| 040 ## - Katalogisierungsquelle | |
| Übertragungsstelle | RU-10907106 |
| 003 - Kontrollnummer Identifier | |
| Kontrollfeld | RU-10907106 |
| 100 1# - Haupteintragung - Personenname | |
| Personenname | Litošenko, Lev. N. |
| 245 00 - Titel | |
| Titel | Socializacija zemli v Rossii |
| 264 ## - Produktion, Veröffentlichung, Distribution, Herstellung und Urheberrechtsvermerk | |
| Herstellungs-, Veröffentlichungs- Vertriebs-, Erzeugungsort | Novosibirsk : |
| Produzent, Herausgeber, Distributor, Hersteller | Sibirskij chronograf, |
| Datum der Herstellung, der Veröffentlichung, des Vertriebs oder des Urheberschutzvermerks | 2001 |
| 600 #0 - Nebeneintragung unter einem Schlagwort - Personenname | |
| Personenname | Litošenko, Lev N. |
| 600 #0 - Nebeneintragung unter einem Schlagwort - Personenname | |
| Personenname | |
| 648 #0 - Nebeneintragung unter einem Schlagwort - Zeitschlagwort | |
| Zeitschlagwort | 1900-1917 |
| 650 #0 - Nebeneintragung unter einem Schlagwort - Sachschlagwort | |
| Sachschlagwort oder geografischer Name als Eintragungselement | Agrarpolitik |
| 650 #0 - Nebeneintragung unter einem Schlagwort - Sachschlagwort | |
| Sachschlagwort oder geografischer Name als Eintragungselement | Landwirtschaft |
| 651 #0 - Nebeneintragung unter einem Schlagwort - Geografischer Name | |
| Geografischer Name | Russland |
| 651 #0 - Nebeneintragung unter einem Schlagwort - Geografischer Name | |
| Geografischer Name | Sowjetunion |
| 655 #0 - Indexierungsterm - Genre/Form | |
| Genre/Form oder fokussierter Term | |
| 942 ## - Zusätzliche Felder (Koha) | |
| Koha-Medientyp | Monographien |
| Ausgeschieden | Verloren | Klassifikation oder Aufstellungssystematik | Beschädigt | Nicht entleihbar | Heimatbibliothek | Aufenthaltsbibliothek | Aufstellungsort | Erwerbungsdatum | Inventarnummer | Signatur | Barcode | Letzte Aktivität | Preis gültig von | Koha-Medientyp |
|---|---|---|---|---|---|---|---|---|---|---|---|---|---|---|
| Andere/Generische Klassifikation | MWN Osteuropa | MWN Osteuropa | Magazin - 2 | 25/11/2014 | 15-00557 | R 61 p Lit | E00401507909A8F1 | 23/02/2021 | 22/03/2021 | Monographien |